000 00475nam a2200181Ia 4500
003 GCL
008 140319s9999 xx 000 0 eng d
040 _aGCL /
_cGCL
082 0 4 _a005.3
_bN L
100 1 _aNELSON, KAY YARBORDUGH
245 1 0 _aTHE LITT LE WINDOWS 95 BOOK /
_cNELSON, KAY YARBORDUGH
260 _a[S.N] :
_bPEACHPIT PRESS ،
_c1995
300 _a132
650 0 4 _aWINDOWS 95
650 0 4 _aSOFT WARE
650 0 4 _aCOMPUTER - PROPGRAMME
942 _2ddc
_cBK
999 _c10377
_d10377